01018ntm a22002537a 450000500170000000800410001704000280005808200170008610000330010324501170013626000100025330000410026350001880030459000100049265000470050265300230054965500090057270000240058170000240060577700090062994200080063899900170064695201010066320170813153624.0170802s2011 xx a frb 000 0 eng d aEG-ScBUEbengcEG-ScBUE04222a624bASH1 aAshour, Yassin Salah El-Din.10aDigital architecture :bimplication of digital design tools on education&practice /cYassin Salah El-Din Ashour. c2011. aviii, 60 p. :bill. (col.) ;c28 cm. aA dissertation submitted to the faculty of engineering. the British University in Egypt in partial fulfillment of the requirements for the bachelor degree in architectural engineering anagwa 72BUEshaArchitectural EngineeringvProjects bENGARCcAugust2017 vSPRO1 aRashed, Ahmed.eths1 aSheweka, Samareths ASPRO 2ddc c25192d25164 00102ddc4070aMAINbMAINc2NDd2017-08-07l0o624 OURp000046355r2025-07-15 00:00:00yPROJST